000 004770000a22001690004500
003 MACL
005 20150825161300.0
008 150825b xxu||||| |||| 00| 0 eng d
040 _aMACL
_cMACL
041 _aEnglish
082 _a700/RAY
100 _aNiharranjan, Ray
_97436
245 _aMaurya and Post-Maurya Art
_bA Study in Social and Formal Contrasts
260 _bIndian Council of Historical Reasearch
_c1975
_aNew Delhi
650 _aArts
_97437
942 _cBK
_k700
_2ddc
999 _c4763
_d4763